| 000 | 00426 a2200157 4500 | ||
|---|---|---|---|
| 003 | NUST | ||
| 005 | 20230222124826.0 | ||
| 040 | _cNust | ||
| 082 | _a297.4,YAS | ||
| 100 |
_aYasir, Khalid Iqbal _914456 |
||
| 245 |
_aAhwal-o-Aasar / احوال و آثار (Urdu) / _cKhalid Iqbal Yasir |
||
| 260 |
_aIslamabad _bIblagh _c1993 |
||
| 300 | _a134 p.; | ||
| 650 |
_aIqbal Concept of Religion _9109477 |
||
| 942 |
_2ddc _cBK _k297.4,YAS |
||
| 999 |
_c188048 _d188048 |
||